| 000 | 01011nas a2200325 4500 | ||
|---|---|---|---|
| 001 | BR2018001328 | ||
| 003 | BR-BrBNA | ||
| 005 | 20231205131342.0 | ||
| 007 | ta | ||
| 008 | 230509b bl.|||p| |||| 00| 00por d | ||
| 040 |
_aBR-BrBNA _bpor _cBiblioteca Nacional de Agricultura |
||
| 041 | _a(En) | ||
| 072 | _aL10 | ||
| 100 | 1 | _aWu, Y. | |
| 100 | 1 | _aLiang, H. | |
| 100 | 1 | _aZhang, H. | |
| 100 | 1 | _aPi, J.S. | |
| 100 | 1 | _aPan, A.L. | |
| 100 | 1 | _aShen, J. | |
| 100 | 1 | _aPu, Y.J. | |
| 100 | 1 | _aDu, J.P. | |
| 245 | 1 | _aThe differential expression and snp analysis of the Ovoinhibitor gene in the ovaries of laying duck breeds (Anas Platyrhynchos) | |
| 650 | _aPATO | ||
| 650 | _aGENÓTIPO | ||
| 650 | _aMUTAÇÃO | ||
| 773 | 0 |
_tBrazilian Journal of Poultry Science (Brazil) _xISSN 1806-9061 _g(Apr-Jun 2018), v. 20(2) p. 281-286 _wBR2018001328 |
|
| 856 | 4 | 0 | _uhttp://www.scielo.br/pdf/rbca/v20n2/1516-635X-rbca-20-02-00281.pdf |
| 909 |
_a202311 _bLúcia _c55 _dLúcia Elande |
||
| 942 |
_2AGRIS _n0 _cANA |
||
| 999 |
_c254341 _d254341 |
||